How Entrepreneurs are Driving Sustainable Development

Na minha lista:
Detalhes bibliográficos
Autor principal: Gimenez-Jimenez, Daniela
Formato: Livro
Idioma:inglês
Publicado em: Leeds Emerald Publishing 2024
Edição:1st Edition
Assuntos:
Tags: Adicionar Tag
Sem tags, seja o primeiro a adicionar uma tag!

MARC

LEADER 00000nam a2200000 4500
001 0311713
005 20250821125102.8
020 |a 978-1-80382-209-9 
041 0 |a eng 
044 |a GB 
245 1 0 |a How Entrepreneurs are Driving Sustainable Development  |c by Daniela Gimenez-Jimenez 
250 |a 1st Edition 
264 1 |a Leeds  |b Emerald Publishing  |c 2024 
300 |a 109 s. 
500 |a Emerald e-books. 
610 2 0 |a rozvoj trvalo udržateľný 
610 2 0 |a podnikanie zodpovedné 
610 2 0 |a podnikanie rodinné 
610 2 0 |a ženy 
610 2 0 |a imigrácia 
100 1 |a Gimenez-Jimenez, Daniela